000 00339nam a22001457a 4500
003 SGT
020 _a9788198864451
082 _a617.69
_bR25G
100 _aGupta, Vaishali
245 _aRestoring Edentulous Ridges with Implants
260 _bHeal Talk Publications
_c2025
300 _a82
650 _aProsthodontics
942 _2ddc
_cBK
999 _c34202
_d34202